|
|
|
|
| LEADER |
01135nam a2200265 a 4500 |
| 001 |
16474490 |
| 008 |
130204s2012 nyua b 001 0 eng d |
| 010 |
|
|
|a 2010040893
|
| 020 |
|
|
|a 9780073511375
|
| 020 |
|
|
|a 0073511374
|
| 040 |
|
|
|a DLC
|c DLC
|d BD-DhAAL
|
| 082 |
0 |
0 |
|a 339
|2 22
|
| 100 |
1 |
|
|a Romer, David.
|
| 245 |
1 |
0 |
|a Advanced macroeconomics /
|c David Romer.
|
| 250 |
|
|
|a 4th ed.
|
| 260 |
|
|
|a New York :
|b McGraw-Hill/Irwin,
|c c2012.
|
| 300 |
|
|
|a xx, 716 p. :
|b ill. ;
|c 25 cm.
|
| 504 |
|
|
|a Includes bibliographical references (p. 649-685) and indexes.
|
| 541 |
1 |
|
|e 00026617
|
| 650 |
|
0 |
|a Macroeconomics.
|
| 852 |
1 |
|
|a Ayesha Abed Library
|j General Shelf.
|
| 942 |
0 |
0 |
|0 2
|
| 999 |
|
|
|c 13165
|d 13165
|
| 952 |
|
|
|0 0
|1 0
|2 ddc
|4 0
|6 339_000000000000000_ROM
|7 0
|9 21914
|a BRACUL
|b BRACUL
|c GEN
|d 2013-02-04
|e Trim Education
|g 7500.00
|l 11
|m 83
|o 339 ROM
|p 3010026617
|r 2024-01-24
|s 2023-09-25
|t 1
|w 2013-02-04
|y BK
|
| 952 |
|
|
|0 0
|1 0
|2 ddc
|4 1
|6 339_000000000000000_ROM
|7 0
|9 21915
|a BRACUL
|b BRACUL
|c SPS
|d 2013-02-04
|e Trim Education
|g 7500.00
|l 7
|m 28
|o 339 ROM
|p 3010026618
|r 2018-10-17
|s 2018-10-15
|t 2
|w 2013-02-04
|y BK
|x Photocopy Book. Declared as Damaged on December 10, 2023
|